Dr. Carl E. Balita's Ultimate Learning Guide to LET review / (Record no. 25711)
[ view plain ]
| 000 -LEADER | |
|---|---|
| fixed length control field | 00610nam a22001937a 4500 |
| 005 - DATE AND TIME OF LATEST TRANSACTION | |
| control field | 20140310183635.0 |
| 008 - FIXED-LENGTH DATA ELEMENTS--GENERAL INFORMATION | |
| fixed length control field | 131127b xxu||||| |||| 00| 0 eng d |
| 050 ## - LIBRARY OF CONGRESS CALL NUMBER | |
| Classification number | LB 1027.47 |
| Item number | .B186 2010 |
| 100 ## - MAIN ENTRY--PERSONAL NAME | |
| Personal name | Balita, Dr. Carl E. |
| 245 ## - TITLE STATEMENT | |
| Title | Dr. Carl E. Balita's Ultimate Learning Guide to LET review / |
| Statement of responsibility, etc | Dr. Carl E. Balita |
| 260 ## - PUBLICATION, DISTRIBUTION, ETC. (IMPRINT) | |
| Place of publication, distribution, etc | Manila : |
| Name of publisher, distributor, etc | Ultimate Learning Series, |
| Date of publication, distribution, etc | 2010. |
| 300 ## - PHYSICAL DESCRIPTION | |
| Extent | 295 p. : |
| Other physical details | ill. ; |
| Dimensions | 16 cm. |
| 521 ## - TARGET AUDIENCE NOTE | |
| Target audience note | |
| 650 ## - SUBJECT ADDED ENTRY--TOPICAL TERM | |
| Topical term or geographic name as entry element | Teaching. |
| Form subdivision | Philippines |
| General subdivision | Examinations |
| 650 ## - SUBJECT ADDED ENTRY--TOPICAL TERM | |
| Topical term or geographic name as entry element | Teachers |
| Form subdivision | Philippines |
| General subdivision | Certification |
| 942 ## - ADDED ENTRY ELEMENTS (KOHA) | |
| Source of classification or shelving scheme | Library of Congress Classification |
| Koha item type | Books |
| Call number prefix | Local |
| Withdrawn status | Lost status | Source of classification or shelving scheme | Damaged status | Home library | Current library | Shelving location | Date acquired | Source of acquisition | Total Checkouts | Full call number | Barcode | Date last seen | Copy number | Price effective from | Koha item type | Total Renewals | Date checked out |
|---|---|---|---|---|---|---|---|---|---|---|---|---|---|---|---|---|---|
| Library of Congress Classification | College Library | College Library | Filipiniana Section | 11/27/2013 | Library Fund | LB 1027.47 .B186 2010 | C14398 | 05/08/2018 | 1 | 11/27/2013 | Books | ||||||
| Library of Congress Classification | College Library | College Library | Filipiniana Section | 11/27/2013 | Library Fund | 4 | LB 1027.47 .B186 2010 | C14410 | 09/18/2018 | 2 | 11/27/2013 | Books | 8 | 08/30/2018 |